The case of the revolution truly stated : or, full proof that the Pretender (if allow'd to be King James's son) has no more right to the crown of England, than King Saul's son had to the throne of Judah.

Bibliographic Details
Format: eBook
Language:English
Series:Eighteenth century collections online.
Online Access:Full text online

MARC

Tag First Indicator Second Indicator Subfields
LEADER 00000cam a2200000 4500
001 in00001865577
006 m | d |
007 cr |n||||||||n
008 870306s1746 enk|||| s 00||||eng d
005 20260403173835.2
035 |a (CStRLIN)ESTCN26901 
040 |a Cu-RivES  |c Cu-RivES  |d CStRLIN  |d Thomson Gale  |d UtOrBLW 
245 0 4 |a The case of the revolution truly stated :  |b or, full proof that the Pretender (if allow'd to be King James's son) has no more right to the crown of England, than King Saul's son had to the throne of Judah. 
264 3 |a London :  |b printed by J. F. for A. Dodd,  |c 1746. 
300 |a 30p. ;  |c 8⁰. 
336 |a text  |b txt  |2 rdacontent 
337 |a computer  |b c  |2 rdamedia 
338 |a online resource  |b cr  |2 rdacarrier 
500 |a Reproduction of original from the Huntington Library. 
510 4 |a English Short Title Catalog,  |c ESTCN26901. 
533 |a Electronic reproduction.  |b Farmington Hills, Mich. :  |c Thomson Gale,  |d 2003.  |n Available via the World Wide Web.  |n Access limited by licensing agreements  |7 s2003 miunns 
500 |a Electronic resource. 
830 0 |a Eighteenth century collections online. 
856 4 0 |u http://proxy.library.tamu.edu/login?url=https://galenet.galegroup.com/servlet/ECCO?c=1&stp=Author&ste=11&af=BN&ae=N026901&tiPG=1&dd=0&dc=flc&docNum=CW105742713&vrsn=1.0&srchtp=a&d4=0.33&n=10&SU=0LRL+OR+0LRI&locID=txshracd2898  |z Full text online  |t 0 
999 |a MARS 
999 f f |s 793dedfd-ee5b-3b55-a588-40e094379bc3  |i d34739ea-f999-36db-b569-7664773e4763  |t 0 
952 f f |a Texas A&M University  |b College Station  |c Electronic Resources  |s www_evans  |d Available Online  |t 0  |h No information provided 
998 f f |t 0  |l Available Online